000 00257nam a2200097Ia 4500
001 1229186
005 20250827093056.0
008 250824s9999 xx 000 0 und d
245 0 _aİLAHİ KOMEDYA-ARAF
_cDANTE ALIGHIERI
260 _bALTIN KİTAPLAR YAYINLARI
999 _c1229186
_d1229186